| 000 | 00768nam a2200289Ia 4500 | ||
|---|---|---|---|
| 005 | 20260324142545.0 | ||
| 008 | 008 260324s9999 xx 000 0 eng d | ||
| 020 | _a9781315530734 | ||
| 037 | _aEBOOK | ||
| 040 | _aCRL | ||
| 040 | _beng | ||
| 040 | _cCRL | ||
| 041 | _2eng | ||
| 041 | _aeng | ||
| 084 | _qCRL | ||
| 100 |
_aWolfgang F. E. Preiser; David P. Varady; Francis P. Russell _91212382 |
||
| 245 | 0 | _aFuture Visions of Urban Public Housing (Routledge Revivals) | |
| 245 | 3 | _bAn International Forum, November 17-20, 1994 | |
| 260 | _bTaylor and Francis | ||
| 260 | _c1994 | ||
| 365 | _a | ||
| 365 | _b350 | ||
| 856 | _uhttp://www.taylorfrancis.com/books/9781315530734 | ||
| 942 | _cEBOOK | ||
| 999 |
_c1816711 _d1816711 |
||